Đang tải...
Introduction to the principles and practice of soil science
| Tác giả chính: | |
|---|---|
| Định dạng: | Printed Book |
| Ngôn ngữ: | Undetermined English |
| Được phát hành: |
Oxford
Blackwell Scientific Publications
1979
|
| Những chủ đề: |
| LEADER | 00780nam a2200193Ia 4500 | ||
|---|---|---|---|
| 008 | 140306s9999 xx 000 0 und d | ||
| 041 | |a eng | ||
| 082 | |a 631.4 |b WHI/IN | ||
| 100 | |a White, R E | ||
| 245 | |a Introduction to the principles and practice of soil science | ||
| 260 | |a Oxford |b Blackwell Scientific Publications |c 1979 | ||
| 300 | |a 198 | ||
| 365 | |b UKP.9.80 | ||
| 650 | |a Agricultural chemistry | ||
| 650 | |a Soil Science | ||
| 942 | |2 ddc |c BK | ||
| 999 | |c 121196 |d 121196 | ||
| 952 | |0 0 |1 0 |2 ddc |4 0 |6 631_400000000000000_WHIIN |7 0 |9 120540 |a KAUHCV |b KAUHCV |d 2004-05-07 |g 9.80 |o 631.4 WHI/IN |p KAU_HCV-15750 |r 2014-03-22 |w 2014-03-22 |y BK | ||
| 952 | |0 0 |1 0 |2 ddc |4 0 |6 631_400000000000000_WHIIN |7 0 |9 120541 |a KAUHCV |b KAUHCV |d 2004-05-07 |g 9.80 |o 631.4 WHI/IN |p KAU_HCV-17926 |r 2014-03-22 |w 2014-03-22 |y BK | ||